Normal view
MARC view
Entry Término temático
001 - NÚMERO DE CONTROL
- campo de control: 165782
003 - IDENTIFICADOR DEL NÚMERO DE CONTROL
- campo de control: OSt
005 - FECHA Y HORA DE LA ÚLTIMA TRANSACCIÓN
- campo de control: 20220127160919.0
008 - DATOS DE LONGITUD FIJA
- campo de control de longitud fija: 220127|| aca||aabn | a|a d
040 ## - FUENTE DE LA CATALOGACIÓN
- Centro catalogador/agencia de origen: OSt
- Centro/agencia transcriptor: OSt
150 ## - ENCABEZAMIENTO--TÉRMINO DE MATERIA
- Término de materia o nombre geográfico como elemento de entrada: Durazno
- Subdivisión general: Enfermedades Spaerotheca Durazno
- Subdivisión general: Michoacán Cenicilla del durazno
670 ## - FUENTE DE DATOS ENCONTRADOS
- Cita de la fuente: Work cat.: (OSt)200947: Cuéllar Cruz, José Baldomero 30475, Control químico de la cenicilla del durazno (Spaerotheca pannosa (Wallr.) Lev. Rar. Persicae Wor.) en la región de Jerahuro, Mich., Méx. /
